Thư mục bài trích địa chí tỉnh Bình Dương Tập 2
Giới thiệu danh mục những bài viết về kinh tế địa phương thuộc các lĩnh vực công nghiệp, nông nghiệp, thương mại ...
Guardado en:
| Autor principal: | |
|---|---|
| Otros Autores: | |
| Formato: | Libro |
| Lenguaje: | Undetermined |
| Publicado: |
Bình Dương
Thư viện tỉnh Bình Dương
2008
|
| Materias: | |
| Acceso en línea: | http://lrc.tdmu.edu.vn/opac/search/detail.asp?aID=2&ID=3287 |
| Etiquetas: |
Agregar Etiqueta
Sin Etiquetas, Sea el primero en etiquetar este registro!
|
| Thư viện lưu trữ: | Trung tâm Học liệu Trường Đại học Thủ Dầu Một |
|---|
| LEADER | 01056nam a2200229Ia 4500 | ||
|---|---|---|---|
| 001 | TDMU_3287 | ||
| 008 | 210410s9999 xx 000 0 und d | ||
| 082 | |a 015.59774 | ||
| 090 | |b N4994 | ||
| 100 | |a Nguyễn, Thị Hai | ||
| 245 | 0 | |a Thư mục bài trích địa chí tỉnh Bình Dương | |
| 245 | 0 | |c Nguyễn Thị Hai (chủ biên), Lê Thị Trang, Trần Thị Riết | |
| 245 | 0 | |n Tập 2 | |
| 260 | |a Bình Dương | ||
| 260 | |b Thư viện tỉnh Bình Dương | ||
| 260 | |c 2008 | ||
| 300 | |a 671tr | ||
| 520 | |a Giới thiệu danh mục những bài viết về kinh tế địa phương thuộc các lĩnh vực công nghiệp, nông nghiệp, thương mại ... | ||
| 650 | |a Bình Dương |x Bài viết; Thư mục địa chí |z Bình Dương; Bài trích báo tạp chí |v Thư mục | ||
| 700 | |a Lê, Thị Trang | ||
| 856 | |u http://lrc.tdmu.edu.vn/opac/search/detail.asp?aID=2&ID=3287 | ||
| 980 | |a Trung tâm Học liệu Trường Đại học Thủ Dầu Một | ||